Margaret Thatcher - Statistics

General Stats
  • This quiz has been taken 518 times
  • The average score is 8 of 20
Answer Stats
Hint Answer % Correct
The US President she was close to Reagan
89%
The town in which she was born Grantham
66%
Her maiden name Roberts
65%
Subject read at Oxford Chemistry
62%
Policy which is widely believed to have caused her downfall Poll Tax
60%
Longest serving Leader of the Opposition whilst she was PM Neil Kinnock
53%
Her middle name Hilda
52%
The amount of (Answer above) her Father owned 2
49%
UK constituency that she represented Finchley
49%
The business her Father owned Grocers
48%
Official name for Poll Tax Community Charge
37%
Qualification received from Oxford BSc
26%
"To cure the British disease with ________ was like trying to cure leukaemia with leeches" Socialism
24%
"Europe was created by history. ______ was created by philosophy" America
22%
The Oxford college she was in Somerville
22%
Job she held whilst standing to be MP Barrister
14%
"Having power is like being a ____; if you have to tell people you are, you probabily aren't" Lady
14%
Her sisters name Muriel
8%
The Russian newspaper (Krasnaya Zvezdathat) gave her the nickname 'The Iron Lady' The Red Star
4%
Cabinet position under Edward Heath State Secretary for Education and Science
0%
No matching quizzes found
Score Distribution
Percent of People with Each Score
Percentile by Number Answered
Your Score History
You have not taken this quiz